| 000 | 00654nam a22002057a 4500 | ||
|---|---|---|---|
| 999 |
_c197213 _d197213 |
||
| 005 | 20230818113506.0 | ||
| 010 | _aENG-137831 | ||
| 020 |
_a9788192380230 _c150.00 |
||
| 035 | _aEN-121361 | ||
| 037 | _bDBAD/PUB | ||
| 082 | _a342.54 | ||
| 100 | _aBasu, Durga Das | ||
| 245 |
_aCommentary on the Constitution of India/ _cBy Durga Das Basu, frwd by M N Venkatachaliah |
||
| 250 | _a9th | ||
| 260 |
_aHaryana _bLexis Nexis |
||
| 270 |
_a14th floor, Building No10, Tower-B, DLF Cyber city, phase-2, _bgurgaon _e122002 |
||
| 300 |
_avariousp. _c26CM(pbk) |
||
| 700 |
_a M N Venkatachaliah _eFrwd |
||
| 942 |
_2ddc _cEN _h342.54 _mBAS |
||